000
00388nam a22001577a 4500
003
MPLRDC
005
20220104144309.0
008
210129b ||||| |||| 00| 0 eng d
082
_a
859.6 LSL
100
_a
林树嶙主编, 魏裕宽绘图
245
_a
短篇有趣的故事
_c
260
_a
_b
名远出版社
_c
300
_b
平
650
_a
儿童故事
942
_c
BK
_o
859.6 LSL
999
_c
48240
_d
48230